Southville International School and Colleges
Your cart is empty.
  • Cart
  • Lists
    Public lists Eva Luna New books Lux_list list_1
    Your lists Log in to create your own lists
  • Log in to your account
  • Your cookies
  • Search history
Southville International School and Colleges
  • Advanced search
  • Recent comments
  • Most popular
  • Libraries

Log in to your account

Log in with GOOGLE


If you do not have an external account, but do have a local account, you can still log in:

  1. Home
  2. MARC view: Love is letting go of fear /
Normal view MARC view ISBD view

Love is letting go of fear / (Record no. 15047)

[ view plain ]
MARC details
000 -LEADER
fixed length control field 01377cam a2200361 a 4500
001 - CONTROL NUMBER
control field 13739231
003 - CONTROL NUMBER IDENTIFIER
control field OSt
005 - DATE AND TIME OF LATEST TRANSACTION
control field 20140310182644.0
008 - FIXED-LENGTH DATA ELEMENTS--GENERAL INFORMATION
fixed length control field 041004s2004 caua 000 0 eng
010 ## - LIBRARY OF CONGRESS CONTROL NUMBER
LC control number 2004558783
020 ## - INTERNATIONAL STANDARD BOOK NUMBER
International Standard Book Number 1587611961
040 ## - CATALOGING SOURCE
Original cataloging agency DLC
Transcribing agency DLC
Modifying agency DLC
050 00 - LIBRARY OF CONGRESS CALL NUMBER
Classification number BF 575
Item number .J32 1981
082 00 - DEWEY DECIMAL CLASSIFICATION NUMBER
Classification number M 158.1
Item number J24 1981
100 1# - MAIN ENTRY--PERSONAL NAME
Personal name Jampolsky, Gerald G.,
Dates associated with a name 1925-
245 10 - TITLE STATEMENT
Title Love is letting go of fear /
Statement of responsibility, etc Gerald G. Jampolsky ; foreword by Hugh Prather ; illustrated by Jack Keeler.
250 ## - EDITION STATEMENT
Edition statement 25th anniversary ed.
260 ## - PUBLICATION, DISTRIBUTION, ETC. (IMPRINT)
Place of publication, distribution, etc Berkeley :
Name of publisher, distributor, etc Celestial Arts,
Date of publication, distribution, etc c2004.
300 ## - PHYSICAL DESCRIPTION
Extent xvii, 133 p. :
Other physical details ill. ;
Dimensions 23 cm.
521 ## - TARGET AUDIENCE NOTE
Target audience note
526 ## - STUDY PROGRAM INFORMATION NOTE
Reading level 0L to 1700L
541 ## - IMMEDIATE SOURCE OF ACQUISITION NOTE
-- 1
541 ## - IMMEDIATE SOURCE OF ACQUISITION NOTE
-- 2
562 ## - COPY AND VERSION IDENTIFICATION NOTE
Number of copies For Circulation. 2 Copy in the collection
650 #0 - SUBJECT ADDED ENTRY--TOPICAL TERM
Topical term or geographic name as entry element Love.
650 #0 - SUBJECT ADDED ENTRY--TOPICAL TERM
Topical term or geographic name as entry element Fear.
856 42 - ELECTRONIC LOCATION AND ACCESS
Materials specified Contributor biographical information
Uniform Resource Identifier <a href="http://www.loc.gov/catdir/enhancements/fy0909/2004558783-b.html">http://www.loc.gov/catdir/enhancements/fy0909/2004558783-b.html</a>
856 42 - ELECTRONIC LOCATION AND ACCESS
Materials specified Publisher description
Uniform Resource Identifier <a href="http://www.loc.gov/catdir/enhancements/fy0909/2004558783-d.html">http://www.loc.gov/catdir/enhancements/fy0909/2004558783-d.html</a>
856 41 - ELECTRONIC LOCATION AND ACCESS
Materials specified Table of contents only
Uniform Resource Identifier <a href="http://www.loc.gov/catdir/enhancements/fy1003/2004558783-t.html">http://www.loc.gov/catdir/enhancements/fy1003/2004558783-t.html</a>
906 ## - LOCAL DATA ELEMENT F, LDF (RLIN)
a 7
b cbc
c origcop
d 2
e ncip
f 20
g y-gencatlg
942 ## - ADDED ENTRY ELEMENTS (KOHA)
Source of classification or shelving scheme Library of Congress Classification
Koha item type Books
Call number prefix
Holdings
Withdrawn status Lost status Source of classification or shelving scheme Damaged status Home library Current library Shelving location Date acquired Source of acquisition Total Checkouts Total Renewals Full call number Barcode Date last seen Date checked out Copy number Price effective from Koha item type
    Library of Congress Classification   Archives Archives   04/18/2012 Donation 1 2 BF 575 .J32 1981 C2105 11/23/2018 10/26/2018 1 04/18/2012 Books
    Library of Congress Classification   College Library College Library General Circulation Section 06/01/2013       BF 575 .J32 1981 c2074 05/15/2018   2 06/01/2013 Books

Love is letting go of fear /

APA

Jampolsky G. G., . (2004). Love is letting go of fear. Berkeley: Celestial Arts.

Chicago

Jampolsky Gerald G, . 2004. Love is letting go of fear. Berkeley: Celestial Arts.

Harvard

Jampolsky G. G., . (2004). Love is letting go of fear. Berkeley: Celestial Arts.

MLA

Jampolsky Gerald G, . Love is letting go of fear. Berkeley: Celestial Arts. 2004.

  • Place hold
  • Print
  • Cite
  • Add to your cart (remove)
  • Save record
    BIBTEX Dublin Core MARCXML MARC (non-Unicode/MARC-8) MARC (Unicode/UTF-8) MARC (Unicode/UTF-8, Standard) MODS (XML) RIS
  • More searches
    Search for this title in:
    Other Libraries (WorldCat) Other Databases (Google Scholar) Online Stores (Bookfinder.com) Open Library (openlibrary.org)

Exporting to Dublin Core...

SOUTHVILLE LIBRARY

Southville International School and Colleges Library

1281 Tropical Ave. Cor. Luxembourg St., BF Homes International, Las Pinas City

Tel. No. 8256374 / 252358 Loc. 117/146

Powered by Koha